載入...

വാക്സിന്റെ വാസ്തവം /

書目詳細資料
主要作者: പിഷാരടി, പി. എന്‍. എന്‍
其他作者: Pisharody, P. N. N.
格式: Printed Book
語言:English
出版: തൃശൂര്‍ : കേരള ശാസ്ത്രസാഹിത്യ പരിഷത്ത്, 2016.
版:1st ed.
主題:
LEADER 00821nam a22001817a 4500
008 191128b xxu||||| |||| 00| 0 eng d
999 |c 27841  |d 27841 
082 |a 614.47  |b PIS 
100 |a പിഷാരടി, പി. എന്‍. എന്‍. 
240 |a Vaccinte vasthavam 
245 |a വാക്സിന്റെ വാസ്തവം /  |c പി. എന്‍. എന്‍. പിഷാരടി 
250 |a 1st ed. 
260 |a തൃശൂര്‍ :  |b കേരള ശാസ്ത്രസാഹിത്യ പരിഷത്ത്,  |c 2016. 
300 |a 120p. 
650 |a Vaccination 
700 |a Pisharody, P. N. N. 
942 |2 ddc  |c BK 
952 |0 0  |1 0  |2 ddc  |4 0  |6 614_470000000000000_PIS  |7 0  |9 38161  |a MAIN  |b MAIN  |d 2019-11-28  |e Kerala sasthra sahithya parishath  |g 100.00  |o 614.47 PIS  |p 36569  |r 2019-11-28  |t 1  |w 2019-11-28  |y BK